000 00369nam a22001457a 4500
999 _c263349
_d263348
003 OSt
005 20240312163834.0
008 240312b xxu||||| |||| 00| 0 eng d
020 _a0590469142
040 _cN/A
100 _aTomie Depaola
245 _aJamie O`Rourke and the big Potato:
_bAn Irish Folktale
260 _aNew York
_bScholastic
_c1992
942 _2lcc
_cBK